[Event "IND-ch U19"]
[Site "Ahmedabad"]
[Date "2023.09.21"]
[Round "3"]
[White "Ujjawal, Bansal"]
[Black "Agarwal, Mukund Hemant"]
[Result "1/2-1/2"]
[WhiteElo "1725"]
[BlackElo "1917"]
[PlyCount "66"]
[EventDate "2023.09.20"]
[EventType "swiss"]
[EventRounds "11"]
[EventCountry "IND"]
[SourceTitle "EXT 2024"]
[Source "ChessBase"]
[SourceDate "2023.10.10"]
[SourceVersion "1"]
[SourceVersionDate "2023.10.10"]
[SourceQuality "1"]

1. d4 Nf6 2. c4 e6 3. Nf3 d5 4. Nc3 Nbd7 5. Bg5 c6 6. e3 Bb4 7. Qc2 Qa5 8. Nd2 0-0 9. Be2 c5 10. Nb3 Bxc3+ 11. bxc3 Qa4 12. Bxf6 Nxf6 13. Qd3 dxc4 14. Qxc4 Qxc4 15. Bxc4 cxd4 16. cxd4 b6 17. f3 Bb7 18. Kf2 Rac8 19. Rhc1 Rc7 20. Bd3 Rfc8 21. Rxc7 Rxc7 22. Rc1 Rxc1 23. Nxc1 Kf8 24. e4 Ke7 25. Ne2 h6 26. Nc3 Nd7 27. Ke3 Nb8 28. g3 Nc6 29. f4 Nb4 30. Bb1 Ba6 31. a3 Nc6 32. d5 exd5 33. exd5 Na5 1/2-1/2

[Event "IND-ch 59th"]
[Site "New Delhi"]
[Date "2022.12.26"]
[Round "5"]
[White "Ujjawal, Bansal"]
[Black "Mayank, Chakraborty"]
[Result "0-1"]
[WhiteElo "1574"]
[BlackElo "2179"]
[PlyCount "134"]
[EventDate "2022.12.22"]
[EventType "swiss"]
[EventRounds "13"]
[EventCountry "IND"]
[SourceTitle "CBM 211 Extra"]
[Source "ChessBase"]
[SourceDate "2023.01.31"]
[SourceVersion "1"]
[SourceVersionDate "2023.01.31"]
[SourceQuality "1"]

1. d4 Nf6 2. c4 e6 3. Nf3 d5 4. Nc3 Bb4 5. Bg5 h6 6. Bxf6 Qxf6 7. e3 0-0 8. Rc1 dxc4 9. Bxc4 c5 10. 0-0 cxd4 11. Ne4 Qf5 12. Ng3 Qa5 13. Nxd4 Rd8 14. Qg4 Nc6 15. Nxc6 bxc6 16. Rfd1 Bb7 17. h4 Bf8 18. h5 Qe5 19. Qe4 Bd6 20. Qxe5 Bxe5 21. Ne4 Bc7 22. Nc5 Bc8 23. Rxd8+ Bxd8 24. Be2 Be7 25. Bf3 Rb8 26. Na4 Bd7 27. b3 Rc8 28. Nc5 Be8 29. Kf1 Kf8 30. Rc4 Bd6 31. Ke1 Ke7 32. b4 Rb8 33. Nd3 Rc8 34. Kd2 f5 35. g4 Rc7 36. a3 Kf6 37. Nc5 Bf7 38. Na6 Rc8 39. gxf5 exf5 40. Rxc6 Rxc6 41. Bxc6 Bxh5 42. Nc5 Ke7 43. Nd3 g5 44. a4 Be8 45. Bxe8 Kxe8 46. b5 h5 47. a5 Kd7 48. Ke2 h4 49. Nb2 Bb8 50. Nc4 Ke6 51. a6 Kd5 52. Na5 h3 53. Kf1 Bc7 54. Nc6 Bb6 55. Ne7+ Kc4 56. Nxf5 Kxb5 57. Nd6+ Kxa6 58. Nf7 g4 59. Ne5 Kb5 60. Nxg4 a5 61. Ne5 a4 62. Nd3 a3 63. Nc1 Kc4 64. e4 Bd4 65. f4 Be3 66. e5 Bxf4 67. e6 Bd6 0-1

[Event "IND-ch 59th"]
[Site "New Delhi"]
[Date "2022.12.24"]
[Round "3"]
[White "Ujjawal, Bansal"]
[Black "Nambiar, Vivek"]
[Result "1-0"]
[WhiteElo "1574"]
[BlackElo "1969"]
[PlyCount "83"]
[EventDate "2022.12.22"]
[EventType "swiss"]
[EventRounds "13"]
[EventCountry "IND"]
[SourceTitle "CBM 211 Extra"]
[Source "ChessBase"]
[SourceDate "2023.01.31"]
[SourceVersion "1"]
[SourceVersionDate "2023.01.31"]
[SourceQuality "1"]

1. d4 d5 2. c4 c6 3. Nc3 Nf6 4. Nf3 dxc4 5. a4 Bf5 6. e3 e6 7. Bxc4 Bb4 8. 0-0 0-0 9. Qe2 Bg6 10. Ne5 Nbd7 11. Nxg6 hxg6 12. Rd1 Qa5 13. Qc2 Qh5 14. Be2 Qh4 15. g3 Qh3 16. Bf1 Qh5 17. Bg2 e5 18. Ne2 Rad8 19. Bd2 Bxd2 20. Rxd2 exd4 21. Nf4 Qa5 22. Rxd4 g5 23. b4 Qc7 24. Nd3 a5 25. Rb1 Ne5 26. Nxe5 Qxe5 27. Rc4 Rd7 28. Rc5 Qe6 29. bxa5 Rfd8 30. Rf1 Rd2 31. Qb1 Ng4 32. Bh3 Qe7 33. Qf5 Nxe3 34. fxe3 Qxe3+ 35. Rf2 f6 36. Qe6+ Qxe6 37. Bxe6+ Kf8 38. Rxd2 Rxd2 39. Bc8 Rb2 40. a6 bxa6 41. Rxc6 a5 42. Ra6 1-0